| 000 | 00386nam a22001457a 4500 | ||
|---|---|---|---|
| 020 | _a9780815384861 | ||
| 040 | _cNUST | ||
| 082 |
_a623.4519 _bYAN |
||
| 100 |
_aYanushevsky, Rafael _9110918 |
||
| 245 |
_aModern Missile Guidance / _cRafael Yanushevsky |
||
| 250 | _a2nd Ed. | ||
| 260 |
_aBoca Raton : _bCRC Press, _c2019. |
||
| 300 |
_a325p. ; _bHardbinding, _c25cm. |
||
| 942 |
_2ddc _cBK |
||
| 999 |
_c612898 _d612898 |
||